[Event "Wch U18 Girls"]
[Site "Montesilvano"]
[Date "2023.11.22"]
[Round "9"]
[White "Trifoi, Mihaela Ioana"]
[Black "Nguyen, Thien Ngan"]
[Result "1/2-1/2"]
[WhiteElo "2021"]
[BlackElo "1891"]
[PlyCount "117"]
[EventDate "2023.11.13"]
[EventType "swiss"]
[EventRounds "11"]
[EventCountry "ITA"]
[SourceTitle "CB48_2023"]
[SourceDate "2023.11.29"]
[SourceVersion "1"]
[SourceVersionDate "2023.11.29"]
[SourceQuality "1"]

1. e4 e5 2. Nf3 d6 3. Bc4 Be7 4. c3 Nf6 5. d3 0-0 6. Bb3 Nc6 7. 0-0 Na5 8. Bc2 c5 9. h3 Nc6 10. Nbd2 h6 11. Re1 Be6 12. Nf1 Qc7 13. Ng3 b5 14. Nh2 d5 15. Qf3 d4 16. Nf5 Bxf5 17. exf5 Rad8 18. g4 e4 19. Qg2 exd3 20. Bxd3 dxc3 21. Bxb5 Nd4 22. Bd3 Bd6 23. Nf1 cxb2 24. Bxb2 Nd5 25. Bxd4 cxd4 26. Rac1 Nc3 27. h4 Bf4 28. Rc2 Rfe8 29. Rxe8+ Rxe8 30. g5 Qc5 31. g6 Qc7 32. Rb2 f6 33. Rb7 Qc5 34. Rd7 Qb6 35. Qf3 Bc7 36. Nd2 Rd8 37. Bc4+ Kh8 38. Rf7 Qd6 39. Nf1 Qc5 40. Be6 d3 41. Rd7 Ne2+ 42. Kg2 Nf4+ 43. Kg1 Ne2+ 44. Kg2 Nf4+ 45. Kg1 Re8 46. Bf7 Rb8 47. Bb3 Ne2+ 48. Kg2 Nf4+ 49. Kg1 Qe5 50. Qe3 Ne2+ 51. Kg2 Nf4+ 52. Kg1 Ne2+ 53. Kh1 Nf4 54. Kg1 Ne2+ 55. Kg2 Nf4+ 56. Kg1 Ne2+ 57. Kh1 Nf4 58. Qxe5 Bxe5 59. Rxa7 1/2-1/2

[Event "VIE-ch (Women)"]
[Site "Ha Tien"]
[Date "2023.09.14"]
[Round "4"]
[White "Hoang, Thi Bao Tram"]
[Black "Nguyen, Thien Ngan"]
[Result "1-0"]
[WhiteElo "2266"]
[BlackElo "1953"]
[PlyCount "87"]
[EventDate "2023.09.13"]
[EventType "swiss"]
[EventRounds "9"]
[EventCountry "VIE"]
[SourceTitle "EXT 2024"]
[Source "ChessBase"]
[SourceDate "2023.10.10"]
[SourceVersion "1"]
[SourceVersionDate "2023.10.10"]
[SourceQuality "1"]

1. d4 d5 2. c4 e6 3. Nf3 Nf6 4. Qc2 dxc4 5. Qxc4 a6 6. a4 Bd7 7. g3 Bc6 8. Bg2 Bd5 9. Qd3 Bb4+ 10. Bd2 Nc6 11. 0-0 Be4 12. Qe3 0-0 13. Bc3 Re8 14. Nbd2 Bg6 15. Nc4 Qe7 16. Nfe5 Nxe5 17. Nxe5 c6 18. Bxb4 Qxb4 19. Qc3 Qd6 20. Rfd1 Rac8 21. Rac1 Nd7 22. Nc4 Qe7 23. h3 h6 24. Ne5 Nf6 25. Qe1 Nd5 26. e4 Nb6 27. b3 Rc7 28. Qc3 Rd8 29. d5 Rcd7 30. Nc4 Nxc4 31. bxc4 cxd5 32. exd5 exd5 33. cxd5 Kh7 34. Re1 Qd6 35. h4 b5 36. a5 b4 37. Qf3 Re7 38. Rxe7 Qxe7 39. h5 Bxh5 40. Qxh5 b3 41. Rb1 Rb8 42. d6 Qf6 43. Qf3 Qxd6 44. Rxb3 1-0

[Event "VIE-ch (Women)"]
[Site "Ha Tien"]
[Date "2023.09.14"]
[Round "3"]
[White "Huynh, Le Khanh Ngoc"]
[Black "Nguyen, Thien Ngan"]
[Result "0-1"]
[WhiteElo "1410"]
[BlackElo "1953"]
[PlyCount "78"]
[EventDate "2023.09.13"]
[EventType "swiss"]
[EventRounds "9"]
[EventCountry "VIE"]
[SourceTitle "EXT 2024"]
[Source "ChessBase"]
[SourceDate "2023.10.10"]
[SourceVersion "1"]
[SourceVersionDate "2023.10.10"]
[SourceQuality "1"]

1. e4 e5 2. Nf3 Nc6 3. Nc3 Nf6 4. d4 exd4 5. Nxd4 Bb4 6. Nxc6 bxc6 7. Bd3 d5 8. exd5 cxd5 9. 0-0 0-0 10. Bg5 c6 11. Qf3 h6 12. Bxf6 Qxf6 13. Qxf6 gxf6 14. Ne2 Bd7 15. Ng3 Bd6 16. Nf5 Bxf5 17. Bxf5 Be5 18. c3 Rab8 19. f4 Bc7 20. b3 c5 21. Rad1 d4 22. cxd4 cxd4 23. Rd3 Rfe8 24. Rg3+ Kf8 25. Rh3 Re3 26. Rxh6 Rb5 27. Bb1 d3 28. Rxf6 d2 29. Bc2 Bb6 30. Rxb6 Rxb6 31. Kf2 Rbe6 32. f5 Re2+ 33. Kg1 R6e5 34. h4 Re1 35. h5 Rxf1+ 36. Kxf1 Re1+ 37. Kf2 d1Q 38. Bxd1 Rxd1 39. g4 f6 0-1

[Event "Olympiad Women-44"]
[Site "Chennai"]
[Date "2022.08.09"]
[Round "11.4"]
[White "Gjergji, Rozana"]
[Black "Nguyen, Thien Ngan"]
[Result "1/2-1/2"]
[WhiteElo "1920"]
[BlackElo "1912"]
[PlyCount "61"]
[EventDate "2022.07.29"]
[EventType "team-swiss"]
[EventRounds "11"]
[EventCountry "IND"]
[SourceTitle "CBM 210"]
[Source "ChessBase"]
[SourceDate "2022.10.31"]
[SourceVersion "1"]
[SourceVersionDate "2022.10.31"]
[SourceQuality "1"]
[WhiteTeam "Albania (W)"]
[BlackTeam "Vietnam (W)"]
[WhiteTeamCountry "ALB"]
[BlackTeamCountry "VIE"]

1. e4 e5 2. Nf3 Nc6 3. Bb5 a6 4. Ba4 Nf6 5. 0-0 Be7 6. Re1 b5 7. Bb3 d6 8. h3 0-0 9. c3 Nb8 10. d4 Nbd7 11. Nbd2 Bb7 12. Bc2 Re8 13. Nf1 Bf8 14. Ng3 g6 15. Bd2 Bg7 16. Qc1 exd4 17. cxd4 c5 18. d5 c4 19. Bh6 Bh8 20. Kh1 Nc5 21. Qd2 Nfd7 22. Rab1 Rc8 23. Qg5 Qxg5 24. Bxg5 Nb6 25. Be3 c3 26. Bd4 cxb2 27. Rxb2 Nc4 28. Rbb1 Bxd4 29. Nxd4 Na3 30. Rbc1 Nxc2 31. Rxc2 1/2-1/2

[Event "Olympiad Women-44"]
[Site "Chennai"]
[Date "2022.08.06"]
[Round "8.4"]
[White "Schneider, Jana"]
[Black "Nguyen, Thien Ngan"]
[Result "1-0"]
[WhiteElo "2342"]
[BlackElo "1912"]
[PlyCount "113"]
[EventDate "2022.07.29"]
[EventType "team-swiss"]
[EventRounds "11"]
[EventCountry "IND"]
[SourceTitle "CBM 210"]
[Source "ChessBase"]
[SourceDate "2022.10.31"]
[SourceVersion "1"]
[SourceVersionDate "2022.10.31"]
[SourceQuality "1"]
[WhiteTeam "Germany (W)"]
[BlackTeam "Vietnam (W)"]
[WhiteTeamCountry "GER"]
[BlackTeamCountry "VIE"]

1. e4 e5 2. Nf3 Nc6 3. Bb5 a6 4. Ba4 Nf6 5. 0-0 Be7 6. Re1 b5 7. Bb3 d6 8. c3 0-0 9. h3 Na5 10. Bc2 c5 11. d4 Qc7 12. d5 Nb7 13. b3 Bd7 14. Nbd2 g6 15. Nf1 Nh5 16. Bh6 Ng7 17. g4 f6 18. Ng3 Nd8 19. Be3 Nf7 20. Kh1 c4 21. b4 a5 22. a4 Rfb8 23. axb5 Bxb5 24. bxa5 Rxa5 25. Rxa5 Qxa5 26. Qa1 Bd8 27. Qxa5 Bxa5 28. Ne2 Ne8 29. Rb1 Bc7 30. Nd2 Nd8 31. Kg2 Kf8 32. Rb2 Rb7 33. Bb1 Ba6 34. Ra2 Bb5 35. Ra3 Bb6 36. Bxb6 Rxb6 37. Ba2 f5 38. gxf5 gxf5 39. exf5 Nf6 40. Bxc4 Nxd5 41. Bxd5 Bxe2 42. Ra8 Ke8 43. f6 Bh5 44. Nc4 Rb1 45. Nxd6+ Kd7 46. f7 Nxf7 47. Nxf7 Ke7 48. Ra7+ Kf6 49. Ra6+ Kf5 50. Nh6+ Kf4 51. h4 e4 52. Rf6+ Ke5 53. Rf5+ Kd6 54. Rxh5 Re1 55. c4 Re2 56. Nf5+ Kc5 57. Ng3 1-0

[Event "VIE-ch U17 Girls"]
[Site "Hanoi"]
[Date "2022.06.15"]
[Round "7"]
[White "Bui, Ngoc Phuong Nghi"]
[Black "Nguyen, Thien Ngan"]
[Result "1-0"]
[WhiteElo "2081"]
[BlackElo "2082"]
[PlyCount "53"]
[EventDate "2022.06.11"]
[EventType "swiss"]
[EventRounds "7"]
[EventCountry "VIE"]
[SourceTitle "EXT 2023"]
[Source "ChessBase"]
[SourceDate "2022.10.05"]
[SourceVersion "1"]
[SourceVersionDate "2022.10.05"]
[SourceQuality "1"]

1. d4 d5 2. Nf3 Nf6 3. Bf4 e6 4. e3 c5 5. c3 Nc6 6. Nbd2 Bd6 7. Ne5 0-0 8. Bd3 Qc7 9. Ndf3 h6 10. h3 Nd7 11. Nxc6 bxc6 12. Bxd6 Qxd6 13. 0-0 cxd4 14. exd4 c5 15. Re1 Ba6 16. Ne5 Nxe5 17. dxe5 Qb6 18. Bxa6 Qxa6 19. Re3 Rab8 20. b3 Qc6 21. Qg4 Rb7 22. Rae1 Rd7 23. Rg3 f5 24. Qh5 Kh8 25. Rd1 f4 26. Rg6 Rf5 27. Qxf5 1-0

[Event "VIE-ch U17 Girls"]
[Site "Hanoi"]
[Date "2022.06.11"]
[Round "1"]
[White "Pham, Ngoc Thien Thuy"]
[Black "Nguyen, Thien Ngan"]
[Result "0-1"]
[WhiteElo "2073"]
[BlackElo "2082"]
[PlyCount "92"]
[EventDate "2022.06.11"]
[EventType "swiss"]
[EventRounds "7"]
[EventCountry "VIE"]
[SourceTitle "EXT 2023"]
[Source "ChessBase"]
[SourceDate "2022.10.05"]
[SourceVersion "1"]
[SourceVersionDate "2022.10.05"]
[SourceQuality "1"]

1. e4 e5 2. Nf3 Nc6 3. Bc4 Bc5 4. c3 Nf6 5. d3 a6 6. 0-0 Ba7 7. Bg5 h6 8. Bh4 d6 9. Bb3 g5 10. Nxg5 hxg5 11. Bxg5 Rg8 12. h4 Bg4 13. Qc1 Qe7 14. Na3 0-0-0 15. Nc4 Rxg5 16. hxg5 Nh5 17. Ne3 Nf4 18. Bd1 Bxd1 19. Qxd1 Qxg5 20. Qg4+ Qxg4 21. Nxg4 Rg8 22. Nh2 Nh3+ 23. Kh1 Nxf2+ 24. Rxf2 Bxf2 25. Rf1 Bg3 26. Kg1 Bxh2+ 27. Kxh2 Rg7 28. Kh3 Kd7 29. g4 Ne7 30. d4 Ng6 31. g5 Rh7+ 32. Kg3 Ke7 33. a3 Rh5 34. Rf5 Rh4 35. Kf3 Rf4+ 36. Ke3 c6 37. a4 Ke6 38. Rxf4 Nxf4 39. b4 Nh3 40. c4 exd4+ 41. Kxd4 Nxg5 42. b5 axb5 43. cxb5 cxb5 44. axb5 b6 45. Ke3 Ke5 46. Kd3 Nxe4 0-1

[Event "Hanoi FM Rating 04"]
[Site "Hanoi"]
[Date "2022.04.10"]
[Round "4"]
[White "Kieu, Bich Thuy"]
[Black "Nguyen, Thien Ngan"]
[Result "1/2-1/2"]
[WhiteElo "1939"]
[BlackElo "1919"]
[PlyCount "44"]
[EventDate "2022.04.08"]
[EventType "swiss"]
[EventRounds "7"]
[EventCountry "VIE"]
[SourceTitle "EXT 2023"]
[Source "ChessBase"]
[SourceDate "2022.10.05"]
[SourceVersion "1"]
[SourceVersionDate "2022.10.05"]
[SourceQuality "1"]

1. d4 d5 2. c4 e6 3. Nc3 Nf6 4. Bf4 Be7 5. e3 0-0 6. h3 c5 7. Nf3 Nc6 8. Be2 cxd4 9. exd4 dxc4 10. Bxc4 b6 11. 0-0 Bb7 12. Rc1 Rc8 13. Qd2 Nb4 14. Be2 Bxf3 15. Bxf3 Nfd5 16. Nxd5 Nxd5 17. Rxc8 Qxc8 18. Bxd5 exd5 19. Qc1 Bf6 20. Be5 Re8 21. Qxc8 Rxc8 22. Bxf6 gxf6 1/2-1/2

[Event "Hanoi FM Rating 04"]
[Site "Hanoi"]
[Date "2022.04.10"]
[Round "5"]
[White "Tran, Dang Minh Quang"]
[Black "Nguyen, Thien Ngan"]
[Result "1/2-1/2"]
[WhiteElo "2115"]
[BlackElo "1919"]
[PlyCount "38"]
[EventDate "2022.04.08"]
[EventType "swiss"]
[EventRounds "7"]
[EventCountry "VIE"]
[SourceTitle "EXT 2023"]
[Source "ChessBase"]
[SourceDate "2022.10.05"]
[SourceVersion "1"]
[SourceVersionDate "2022.10.05"]
[SourceQuality "1"]

1. d4 d5 2. c4 e6 3. Nc3 Nf6 4. Bg5 Be7 5. e3 0-0 6. Nf3 b6 7. cxd5 Nxd5 8. Bxe7 Qxe7 9. Nxd5 exd5 10. Rc1 Bb7 11. Qb3 c5 12. Qa3 Rc8 13. Bd3 g6 14. 0-0 a5 15. Rfd1 Nd7 16. Rc2 Re8 17. dxc5 Nxc5 18. Nd4 Rac8 19. h3 Qf6 1/2-1/2

[Event "Hanoi FM Rating 04"]
[Site "Hanoi"]
[Date "2022.04.08"]
[Round "1"]
[White "Ngo, Duc Tri"]
[Black "Nguyen, Thien Ngan"]
[Result "1-0"]
[WhiteElo "2068"]
[BlackElo "1919"]
[PlyCount "73"]
[EventDate "2022.04.08"]
[EventType "swiss"]
[EventRounds "7"]
[EventCountry "VIE"]
[SourceTitle "EXT 2023"]
[Source "ChessBase"]
[SourceDate "2022.10.05"]
[SourceVersion "1"]
[SourceVersionDate "2022.10.05"]
[SourceQuality "1"]

1. b4 e6 2. Bb2 Nf6 3. a3 d5 4. e3 a5 5. b5 a4 6. c4 Nbd7 7. d4 c6 8. c5 Ne4 9. b6 e5 10. Bd3 Qg5 11. g3 exd4 12. exd4 Ndf6 13. Qe2 Bf5 14. f3 0-0-0 15. fxe4 dxe4 16. Bc4 Bxc5 17. Qd2 Qxd2+ 18. Nxd2 Bxb6 19. Ne2 Ba5 20. 0-0 Bg4 21. Nc3 Rhe8 22. Rxf6 gxf6 23. Ndxe4 Rxd4 24. Nxf6 Red8 25. Bxf7 Bh3 26. Ncd5 Rd2 27. Be5 R8xd5 28. Nxd5 cxd5 29. Rb1 b5 30. Rxb5 Rg2+ 31. Kh1 Re2 32. Bd4 Bd2 33. Rc5+ Kd7 34. Rxd5+ Ke7 35. Bh5 Bg2+ 36. Kg1 Bxd5 37. Bxe2 1-0

[Event "Titled Tuesday intern op 08th Mar Early"]
[Site "Chess.com INT"]
[Date "2022.03.08"]
[Round "7"]
[White "Popadic, Dragan"]
[Black "Nguyen, Thien Ngan"]
[Result "0-1"]
[WhiteElo "2143"]
[BlackElo "1861"]
[PlyCount "76"]
[EventDate "2022.03.08"]
[EventType "swiss (blitz)"]
[EventRounds "11"]
[EventCountry "USA"]
[SourceTitle "CBM 207 Extra"]
[Source "ChessBase"]
[SourceDate "2022.05.31"]
[SourceVersion "1"]
[SourceVersionDate "2022.05.31"]
[SourceQuality "1"]

1. e4 e5 2. d4 exd4 3. Qxd4 Nc6 4. Qe3 d6 5. Nc3 Nf6 6. Bd2 Be7 7. Bc4 0-0 8. Nf3 Ng4 9. Qe2 Nge5 10. Nxe5 Nxe5 11. Bb3 Kh8 12. 0-0 f5 13. Nd5 Bh4 14. Bc3 f4 15. f3 a5 16. Bxe5 dxe5 17. a4 c6 18. Nc3 Qb6+ 19. Kh1 Be7 20. Rad1 Bc5 21. Rd2 Be3 22. Rd3 Bc5 23. Rfd1 Qc7 24. R3d2 b6 25. Qe1 Ba6 26. Rd7 Qc8 27. Qh4 Qe8 28. Qg5 h6 29. Qg4 Be7 30. Qe6 Bc5 31. Qxc6 Rc8 32. Qd5 Bd4 33. Nb5 Rc5 34. Qd6 Bxb5 35. axb5 Rxb5 36. Ba4 Rxb2 37. Bc6 Bc5 38. Qd5 Qg6 0-1

[Event "Titled Tuesday intern op 08th Mar Early"]
[Site "Chess.com INT"]
[Date "2022.03.08"]
[Round "5"]
[White "Rottenwohrer Suarez, Juan"]
[Black "Nguyen, Thien Ngan"]
[Result "1/2-1/2"]
[WhiteElo "2259"]
[BlackElo "1861"]
[PlyCount "231"]
[EventDate "2022.03.08"]
[EventType "swiss (blitz)"]
[EventRounds "11"]
[EventCountry "USA"]
[SourceTitle "CBM 207 Extra"]
[Source "ChessBase"]
[SourceDate "2022.05.31"]
[SourceVersion "1"]
[SourceVersionDate "2022.05.31"]
[SourceQuality "1"]

1. d4 d5 2. c4 e6 3. Nc3 Nf6 4. cxd5 Nxd5 5. Bg5 Qxg5 6. Nf3 Qd8 7. e4 Nxc3 8. bxc3 c5 9. Bb5+ Bd7 10. Bxd7+ Nxd7 11. 0-0 Bd6 12. Rb1 b6 13. e5 Be7 14. Re1 0-0 15. d5 exd5 16. Qxd5 Qc7 17. e6 Nf6 18. exf7+ Kh8 19. Qf5 Bd6 20. Ng5 Bxh2+ 21. Kh1 Qf4 22. Qxf4 Bxf4 23. Ne6 Bd2 24. Nxf8 Rxf8 25. Re7 Bxc3 26. Rb3 Bd4 27. Rxa7 h6 28. f3 Nd5 29. Rd7 Nb4 30. Rxb4 cxb4 31. Rxd4 Rxf7 32. Rxb4 Ra7 33. Rxb6 Rxa2 34. Kh2 Kh7 35. Kg3 Ra4 36. Rc6 Rd4 37. Rb6 h5 38. Rc6 g6 39. Rb6 Kh6 40. Rc6 Rd5 41. Rb6 Kg5 42. Rc6 h4+ 43. Kh3 Kh5 44. Rb6 Rd3 45. Rc6 g5 46. Rc5 Rd1 47. Kh2 Rf1 48. Rb5 Kg6 49. Rc5 Rd1 50. Rb5 Rd4 51. Rc5 Rf4 52. Rb5 Rf6 53. Rc5 Kh5 54. Rb5 Rf4 55. Rc5 Rd4 56. Rb5 Rf4 57. Rc5 Rd4 58. Rc8 Rb4 59. Rh8+ Kg6 60. Rg8+ Kh6 61. Rf8 Ra4 62. Rb8 Kh5 63. Kh3 Rc4 64. Rh8+ Kg6 65. Rd8 Kh5 66. Rd7 Kg6 67. Rd6+ Kh5 68. Rb6 Rc1 69. Kh2 Rc4 70. Rb8 Rc1 71. Rb2 Rc5 72. Rb3 Rc4 73. Rd3 Rf4 74. Re3 Rf5 75. Re8 Ra5 76. Kh3 Ra4 77. Rh8+ Kg6 78. Rg8+ Kh6 79. Kh2 Kh5 80. Rg7 Kh6 81. Rc7 Rb4 82. Rc6+ Kh5 83. Rc5 Ra4 84. Rc8 Rb4 85. Rh8+ Kg6 86. Kh3 Ra4 87. Rb8 Kh5 88. Rb5 Rc4 89. Rb8 Ra4 90. Rb7 Kg6 91. Rc7 Kh5 92. Rh7+ Kg6 93. Rb7 Rc4 94. Rb5 Kh5 95. g3 hxg3 96. Kxg3 Rf4 97. Rb6 Ra4 98. Rc6 Ra1 99. Rc8 Rg1+ 100. Kf2 Rb1 101. Rh8+ Kg6 102. Rg8+ Kf6 103. Rc8 Kg6 104. Kg3 Rb4 105. Rc6+ Kh5 106. Rd6 Rc4 107. Rd5 Rb4 108. Re5 Rc4 109. Rb5 Rd4 110. Rb1 Ra4 111. Rh1+ Kg6 112. Rg1 Ra3 113. Rd1 Ra4 114. Rc1 Kh5 115. Rc8 Rb4 116. Rd8 1/2-1/2

[Event "Titled Tuesday intern op 08th Mar Early"]
[Site "Chess.com INT"]
[Date "2022.03.08"]
[Round "4"]
[White "Shuvalov, Evgenij"]
[Black "Nguyen, Thien Ngan"]
[Result "0-1"]
[WhiteElo "2182"]
[BlackElo "1861"]
[PlyCount "138"]
[EventDate "2022.03.08"]
[EventType "swiss (blitz)"]
[EventRounds "11"]
[EventCountry "USA"]
[SourceTitle "CBM 207 Extra"]
[Source "ChessBase"]
[SourceDate "2022.05.31"]
[SourceVersion "1"]
[SourceVersionDate "2022.05.31"]
[SourceQuality "1"]

1. Nf3 d5 2. c4 e6 3. g3 Nf6 4. Bg2 Be7 5. 0-0 0-0 6. b3 c5 7. e3 Nc6 8. Bb2 b6 9. Nc3 Bb7 10. cxd5 exd5 11. d4 Re8 12. dxc5 bxc5 13. Rc1 Bf8 14. Na4 Ne4 15. Nd2 Qe7 16. Nxe4 dxe4 17. Nxc5 Rad8 18. Qe2 Nb4 19. Qb5 Nd3 20. Nxd3 Rxd3 21. Rfd1 Red8 22. Bd4 a6 23. Qa4 Qa3 24. Qxa3 Bxa3 25. Rxd3 Bxc1 26. Rc3 Bb2 27. Rc7 Bxd4 28. Rxb7 Bc5 29. Bxe4 g6 30. Rc7 Bb4 31. Rc2 Rd1+ 32. Kg2 Kg7 33. Bf3 Rd6 34. Be2 a5 35. Bc4 Rd1 36. Be2 Rd6 37. h4 h6 38. Kf3 Rf6+ 39. Kg2 Rd6 40. Rc7 Rd2 41. Bc4 Rxa2 42. Rxf7+ Kh8 43. Rf6 Kg7 44. Rf7+ Kh8 45. Rb7 Be1 46. Rf7 Rc2 47. g4 a4 48. Rf8+ Kg7 49. Rf7+ Kh8 50. g5 a3 51. Rf8+ Kg7 52. Rf7+ Kh8 53. gxh6 a2 54. Rf8+ Kh7 55. Ra8 Rxf2+ 56. Kh3 Kxh6 57. b4 Bxb4 58. Rxa2 Rf3+ 59. Kg4 Rxe3 60. Bd5 Rd3 61. Bf3 Rd4+ 62. Kg3 Bd6+ 63. Kg2 Rxh4 64. Rd2 Rh2+ 65. Kf1 Rxd2 66. Be2 Kg5 67. Kf2 Kf4 68. Ke1 Bb4 69. Kf2 g5 0-1

[Event "Titled Tuesday intern op 31st Aug"]
[Site "Chess.com INT"]
[Date "2021.08.31"]
[Round "11"]
[White "King, Alexander B"]
[Black "Nguyen, Thien Ngan"]
[Result "1-0"]
[WhiteElo "2276"]
[BlackElo "1861"]
[PlyCount "181"]
[EventDate "2021.08.31"]
[EventType "swiss (blitz)"]
[EventRounds "11"]
[EventCountry "USA"]
[SourceTitle "EXT 2022"]
[Source "ChessBase"]
[SourceDate "2021.10.06"]
[SourceVersion "1"]
[SourceVersionDate "2021.10.06"]
[SourceQuality "1"]

1. d4 d5 2. c4 e6 3. Nf3 Nf6 4. g3 c5 5. Bg2 Nc6 6. cxd5 exd5 7. 0-0 Be7 8. dxc5 Bxc5 9. Qc2 Be7 10. Nc3 0-0 11. Rd1 Be6 12. Bg5 Re8 13. Rac1 Rc8 14. Qb1 Qd7 15. e4 d4 16. Nb5 h6 17. Nbxd4 Nxd4 18. Rxd4 Rxc1+ 19. Qxc1 Qb5 20. Bxf6 Bxf6 21. a4 Qa5 22. Qd2 Qxd2 23. Rxd2 Bb3 24. e5 Be7 25. Rd7 Bxa4 26. Rxb7 Bc5 27. Rc7 Bb6 28. Rc1 Rb8 29. Nd2 Re8 30. Nc4 Rc8 31. Bf1 Bb3 32. Kg2 Bd4 33. Rd1 Bc5 34. Nd6 Rb8 35. Rd2 Be6 36. Be2 Bb4 37. Rc2 Rd8 38. Nb5 a5 39. Nc3 Bb3 40. Rc1 Rd2 41. Bd1 Rxb2 42. Bxb3 Rxb3 43. Nd5 a4 44. Rc8+ Kh7 45. Rb8 a3 46. Rxb4 a2 47. Ra4 Rb2 48. Nc3 Kg6 49. Nxa2 Rb3 50. Nc1 Rb5 51. Nd3 Rd5 52. Ra3 Rd4 53. Nf4+ Kf5 54. Re3 Ra4 55. e6 fxe6 56. Nxe6 g5 57. Nc5 Rc4 58. Nd3 Kg6 59. h3 Kg7 60. Ne1 Rc1 61. Nf3 Rc7 62. h4 g4 63. Ne5 h5 64. Nxg4 hxg4 65. Re4 Kh6 66. Rxg4 Rf7 67. Re4 Rb7 68. f4 Rb2+ 69. Kh3 Rb1 70. Re5 Kg7 71. Kg4 Rh1 72. Re6 Rb1 73. h5 Rb5 74. Re5 Rb4 75. Kg5 Rb3 76. g4 Rb7 77. h6+ Kh7 78. f5 Rc7 79. Re6 Rf7 80. Rg6 Kh8 81. Rf6 Re7 82. Kg6 Re8 83. Re6 Rg8+ 84. Kh5 Rf8 85. Re7 Ra8 86. f6 Ra5+ 87. Kg6 Ra8 88. Rh7+ Kg8 89. f7+ Kf8 90. Rh8+ Ke7 91. Rxa8 1-0

[Event "Titled Tuesday intern op 31st Aug"]
[Site "Chess.com INT"]
[Date "2021.08.31"]
[Round "5"]
[White "Nguyen, Thien Ngan"]
[Black "Adewumi, Tanitoluwa"]
[Result "1-0"]
[WhiteElo "1861"]
[BlackElo "1895"]
[PlyCount "33"]
[EventDate "2021.08.31"]
[EventType "swiss (blitz)"]
[EventRounds "11"]
[EventCountry "USA"]
[SourceTitle "EXT 2022"]
[Source "ChessBase"]
[SourceDate "2021.10.06"]
[SourceVersion "1"]
[SourceVersionDate "2021.10.06"]
[SourceQuality "1"]

1. e4 c5 2. Nf3 Nc6 3. d4 cxd4 4. Nxd4 g6 5. Nc3 Bg7 6. Be3 Nf6 7. Be2 0-0 8. f4 d5 9. e5 Nd7 10. Nxc6 bxc6 11. Na4 e6 12. c3 f6 13. exf6 Bxf6 14. 0-0 e5 15. Nc5 exf4 16. Rxf4 Kg7 17. Ne6+ 1-0

[Event "Titled Tuesday intern op 31st Aug"]
[Site "Chess.com INT"]
[Date "2021.08.31"]
[Round "7"]
[White "Nguyen, Thien Ngan"]
[Black "Gelman, Alexander"]
[Result "0-1"]
[WhiteElo "1861"]
[BlackElo "2403"]
[PlyCount "80"]
[EventDate "2021.08.31"]
[EventType "swiss (blitz)"]
[EventRounds "11"]
[EventCountry "USA"]
[SourceTitle "EXT 2022"]
[Source "ChessBase"]
[SourceDate "2021.10.06"]
[SourceVersion "1"]
[SourceVersionDate "2021.10.06"]
[SourceQuality "1"]

1. e4 c5 2. Nf3 e6 3. d4 cxd4 4. Nxd4 d6 5. Nc3 a6 6. a4 Nf6 7. Be2 Nbd7 8. Be3 b6 9. 0-0 Bb7 10. Bd3 Nc5 11. f3 Be7 12. Qe2 h5 13. Qf2 h4 14. b4 Ncd7 15. h3 Nh5 16. f4 Ng3 17. Rfe1 Rc8 18. Nde2 Bf6 19. Ra3 Rg8 20. a5 b5 21. Bxb5 axb5 22. Nxg3 hxg3 23. Qd2 Bxc3 24. Rxc3 Rxc3 25. Qxc3 Qc8 26. Qd3 Qc6 27. Bd4 e5 28. fxe5 dxe5 29. Bb2 f6 30. Rd1 Ke7 31. Rd2 Rd8 32. Qxg3 g5 33. Re2 Nf8 34. h4 Ne6 35. hxg5 Nxg5 36. Qh4 Rd1+ 37. Kh2 Qe6 38. Bxe5 Qxe5+ 39. g3 Bxe4 40. c3 Rh1# 0-1